<?xml version="1.0" encoding="UTF-8"?><?xml-stylesheet type="text/xsl" href="static/style.xsl"?><OAI-PMH xmlns="http://www.openarchives.org/OAI/2.0/" xmlns:xsi="http://www.w3.org/2001/XMLSchema-instance" xsi:schemaLocation="http://www.openarchives.org/OAI/2.0/ http://www.openarchives.org/OAI/2.0/OAI-PMH.xsd"><responseDate>2026-05-14T17:44:20Z</responseDate><request verb="GetRecord" identifier="oai:riubu.ubu.es:10259/5127" metadataPrefix="marc">https://riubu.ubu.es/oai/request</request><GetRecord><record><header><identifier>oai:riubu.ubu.es:10259/5127</identifier><datestamp>2022-04-26T11:42:11Z</datestamp><setSpec>com_10259_2699</setSpec><setSpec>col_10259_2707</setSpec></header><metadata><record xmlns="http://www.loc.gov/MARC21/slim" xmlns:doc="http://www.lyncode.com/xoai" xmlns:xsi="http://www.w3.org/2001/XMLSchema-instance" xmlns:dcterms="http://purl.org/dc/terms/" xsi:schemaLocation="http://www.loc.gov/MARC21/slim http://www.loc.gov/standards/marcxml/schema/MARC21slim.xsd">
<leader>00925njm 22002777a 4500</leader>
<datafield tag="042" ind1=" " ind2=" ">
<subfield code="a">dc</subfield>
</datafield>
<datafield tag="720" ind1=" " ind2=" ">
<subfield code="a">Santamaría Vicario, Isabel</subfield>
<subfield code="e">author</subfield>
</datafield>
<datafield tag="260" ind1=" " ind2=" ">
<subfield code="c">2015</subfield>
</datafield>
<datafield tag="520" ind1=" " ind2=" ">
<subfield code="a">La investigación que recoge la presente Tesis Doctoral desarrolla un estudio experimental para obtener morteros de albañilería utilizando como árido los residuos generados en la fabricación de acero en hornos eléctricos de arco, escoria negra EAF y escoria blanca LF, de manera conjunta.&#xd;
El objetivo es diseñar un “mortero seco industrial”, de consistencia plástica y una resistencia de, como mínimo, 5 N/mm2. Para conseguirlo se parte de una dosificación en peso de sus componentes 1/6 (1 parte de cemento y 6 partes de árido), y se consideran diferentes posibilidades de sustitución del árido natural por árido siderúrgico (25%, 50%, 75% y 100%), empleando además aditivos comerciales en las mezclas.&#xd;
Se realiza un estudio comparativo de las propiedades más significativas de los morteros, tales como la trabajabilidad, permeabilidad, adherencia y resistencias mecánicas, entre aquellos elaborados con áridos naturales y los fabricados con escorias.&#xd;
Una vez diseñados los morteros, se procede a estudiar los efectos del envejecimiento acelerado en los mismos. Se analiza la durabilidad y comportamiento frente a ciclos hielo-deshielo, humedad-sequedad, ambiente marino, cristalización de sales y atmósferas industriales.&#xd;
Los resultados indican que se pueden obtener morteros técnicamente viables para su uso en construcción y edificación, y de esta manera lograr una reutilización y puesta en valor de unos residuos que, de otro modo se destinarían a vertedero.</subfield>
</datafield>
<datafield tag="024" ind2=" " ind1="8">
<subfield code="a">http://hdl.handle.net/10259/5127</subfield>
</datafield>
<datafield tag="024" ind2=" " ind1="8">
<subfield code="a">10.36443/10259/5127</subfield>
</datafield>
<datafield ind1=" " ind2=" " tag="653">
<subfield code="a">morteros de albañilería</subfield>
</datafield>
<datafield ind1=" " ind2=" " tag="653">
<subfield code="a">escorias siderúrgicas</subfield>
</datafield>
<datafield ind1=" " ind2=" " tag="653">
<subfield code="a">escoria negra EAF</subfield>
</datafield>
<datafield ind1=" " ind2=" " tag="653">
<subfield code="a">escoria blanca LF</subfield>
</datafield>
<datafield ind1=" " ind2=" " tag="653">
<subfield code="a">árido siderúrgico</subfield>
</datafield>
<datafield ind1=" " ind2=" " tag="653">
<subfield code="a">masonry mortars</subfield>
</datafield>
<datafield ind1=" " ind2=" " tag="653">
<subfield code="a">steelmaking slags</subfield>
</datafield>
<datafield ind1=" " ind2=" " tag="653">
<subfield code="a">EAF slag</subfield>
</datafield>
<datafield ind1=" " ind2=" " tag="653">
<subfield code="a">LF slag</subfield>
</datafield>
<datafield ind1=" " ind2=" " tag="653">
<subfield code="a">slag aggregates</subfield>
</datafield>
<datafield tag="245" ind1="0" ind2="0">
<subfield code="a">Fabricación de morteros de albañilería con escoria negra de horno eléctrico de arco EAF y escoria blanca de horno cuchara LF</subfield>
</datafield>
</record></metadata></record></GetRecord></OAI-PMH>